[Event "Veletrzni turnaj 2020"]
[Site "Brno"]
[Date "2020.08.29"]
[Round "8.19"]
[White "Zikan, Karel"]
[Black "Lukas, Ondrej"]
[Result "1/2-1/2"]
[WhiteElo "1646"]
[BlackElo "1393"]
[PlyCount "112"]
[EventDate "2020.08.23"]

1. Nf3 Nf6 2. c4 c5 3. Nc3 Nc6 4. d4 cxd4 5. Nxd4 Nxd4 6. Qxd4 g6 7. b3 Bg7 8.
Bb2 O-O 9. e3 d6 10. Be2 Bd7 11. O-O Bc6 12. Qd2 Qd7 13. Rfd1 Qf5 14. Rac1 Qg5
15. Bf1 Rfc8 16. g3 Bf3 17. Bg2 Bxg2 18. Kxg2 Qc5 19. f3 Qc6 20. e4 a6 21. Nd5
Nxd5 22. exd5 Qd7 23. Bxg7 Kxg7 24. a4 Kg8 25. Re1 Rc7 26. Re4 Rac8 27. Rce1
Re8 28. Qh6 e5 29. dxe6 fxe6 30. h4 e5 31. Qg5 Qe7 32. Qd2 Qe6 33. Rg4 Rg7 34.
Rd1 Rd8 35. Qd3 Kh8 36. Re4 Qf6 37. Qd5 Qf7 38. Qxf7 Rxf7 39. Rxe5 dxe5 40.
Rxd8+ Kg7 41. Kf2 Kf6 42. Ke3 Kf5 43. g4+ Ke6 44. Re8+ Kd6 45. b4 Rf4 46. Rc8
Kd7 47. Rc5 b6 48. Rxe5 Rxc4 49. Re4 Rc3+ 50. Kf4 Ra3 51. b5 axb5 52. axb5 Rb3
53. Re5 h6 54. g5 h5 55. Rd5+ Ke7 56. Re5+ Kd7 1/2-1/2

[Event "Veletrzni turnaj 2020"]
[Site "Brno"]
[Date "2020.08.29"]
[Round "8.21"]
[White "Karafiat, Vojtech"]
[Black "Peska, Jan"]
[Result "1/2-1/2"]
[WhiteElo "1179"]
[BlackElo "1359"]
[PlyCount "27"]
[EventDate "2020.08.23"]

1. d4 d5 2. Bf4 Nf6 3. e3 g6 4. Nc3 a6 5. Nf3 Bg7 6. Bd3 O-O 7. h4 Bg4 8. Qe2
Nc6 9. O-O-O Nb4 10. Rdg1 Rc8 11. a3 Nxd3+ 12. Qxd3 c5 13. dxc5 Rxc5 14. Rd1
1/2-1/2

[Event "Veletrzni turnaj 2020"]
[Site "Brno"]
[Date "2020.08.29"]
[Round "8.22"]
[White "Doskar, Miloslav"]
[Black "Hayrumyan, Artur"]
[Result "0-1"]
[WhiteElo "1602"]
[BlackElo "1481"]
[PlyCount "107"]
[EventDate "2020.08.23"]

1. e4 e5 2. Nf3 Nc6 3. Nc3 Nf6 4. Bb5 d6 5. Bxc6+ bxc6 6. O-O Be7 7. Re1 Bg4 8.
h3 Bh5 9. d3 h6 10. g4 Bg6 11. b3 Bh7 12. Bb2 g5 13. Nh2 Qd7 14. Ne2 h5 15. f3
hxg4 16. fxg4 Bxe4 17. dxe4 Rxh3 18. Nf1 O-O-O 19. Neg3 Rdh8 20. Qf3 Nxg4 21.
Qf5 Qxf5 22. exf5 d5 23. Bd4 Bd6 24. Bf2 e4 25. Kg2 Bf4 26. Bxa7 Bd6 27. Bd4
R8h4 28. c3 c5 29. Bg1 Ne5 30. Nh2 Nf3 31. Nhf1 Nxg1 32. Kxg1 Bxg3 33. Red1 Be5
34. Rxd5 Bxc3 35. Rad1 Rf3 36. Kg2 Rg4+ 37. Kh2 Bd4 38. Nd2 Rf2+ 39. Kh3 Rh4+
40. Kg3 Rff4 41. Kg2 e3 42. Nc4 e2 43. Re1 Rf2+ 44. Kg3 Re4 45. Rxd4 cxd4 46.
Kxf2 d3 47. Nd2 Re5 48. f6 Kd7 49. a4 c5 50. Nc4 Re6 51. a5 g4 52. Nd2 Kc6 53.
Kg3 Kb5 54. Nc4 0-1

[Event "Veletrzni turnaj 2020"]
[Site "Brno"]
[Date "2020.08.29"]
[Round "8.23"]
[White "Kacalek, Tomas"]
[Black "Vojtek, Pavel"]
[Result "1-0"]
[WhiteElo "1589"]
[BlackElo "1352"]
[PlyCount "61"]
[EventDate "2020.08.23"]

1. e4 e6 2. d4 d5 3. Nc3 Nf6 4. Bg5 Be7 5. e5 Nfd7 6. h4 Bxg5 7. hxg5 Qxg5 8.
Nh3 Qe7 9. Qg4 f6 10. O-O-O fxe5 11. dxe5 Nxe5 12. Qh5+ Nf7 13. Nf4 Qg5 14. Qf3
c6 15. Kb1 Ne5 16. Qe3 O-O 17. g3 Nf7 18. Bd3 h6 19. Rh5 Qf6 20. Ng6 d4 21. Qe4
Ng5 22. Rxg5 Qxg5 23. Nxf8 Kxf8 24. Qxd4 Nd7 25. Ne4 Qd5 26. Qc3 Nb6 27. Qa3+
Kf7 28. Nd6+ Kf6 29. Ne8+ Kg5 30. f4+ Kg4 31. Be2+ 1-0

[Event "Veletrzni turnaj 2020"]
[Site "Brno"]
[Date "2020.08.29"]
[Round "8.24"]
[White "Ulcak, Michael"]
[Black "Daniel, Antonin"]
[Result "0-1"]
[WhiteElo "1552"]
[BlackElo "1379"]
[PlyCount "52"]
[EventDate "2020.08.23"]

1. e4 c5 2. Nc3 e6 3. g3 Nc6 4. Bg2 h6 5. d3 a6 6. Nge2 Nf6 7. h3 e5 8. O-O d6
9. Be3 Be7 10. Qd2 Be6 11. f4 d5 12. f5 Bc8 13. Nxd5 Nb4 14. Nxf6+ gxf6 15.
Bxh6 Nxc2 16. Qxc2 Rxh6 17. Nc3 Qd4+ 18. Kh2 Bd6 19. Nd5 Bd7 20. Qb3 Bc6 21.
Nb6 Rb8 22. Qc3 Bc7 23. Qxd4 exd4 24. Nc4 Ke7 25. Bf3 Rg8 26. Bg4 Rxg4 0-1

[Event "Veletrzni turnaj 2020"]
[Site "Brno"]
[Date "2020.08.29"]
[Round "8.25"]
[White "Divis, Jan"]
[Black "Brychta, Jan"]
[Result "1-0"]
[WhiteElo "1431"]
[BlackElo "1490"]
[PlyCount "28"]
[EventDate "2020.08.23"]

1. d4 f5 2. Nf3 Nf6 3. Bf4 e6 4. Nbd2 c5 5. e3 d5 6. c3 c4 7. b3 b5 8. a4 bxa4
9. bxc4 Bd7 10. Ne5 Qa5 11. Nxd7 Nbxd7 12. Qc2 a6 13. c5 Ne4 14. Nxe4 fxe4 1-0

[Event "Veletrzni turnaj 2020"]
[Site "Brno"]
[Date "2020.08.29"]
[Round "8.28"]
[White "Nisztuk, Michal"]
[Black "Sauman, Petr"]
[Result "1/2-1/2"]
[WhiteElo "1597"]
[BlackElo "1387"]
[PlyCount "70"]
[EventDate "2020.08.23"]

1. e4 c5 2. f4 d6 3. Nf3 Nc6 4. c3 Bg4 5. Bc4 e6 6. Na3 Nf6 7. h3 Bxf3 8. Qxf3
Be7 9. Nc2 a6 10. a4 O-O 11. d4 cxd4 12. cxd4 Rc8 13. b3 Qb6 14. Be3 Qa5+ 15.
b4 Nxb4 16. Nxb4 Qxb4+ 17. Kf2 Qxc4 18. Rhc1 Qb3 19. f5 Rc2+ 20. Kg3 Rfc8 21.
Rab1 Qd3 22. Rd1 Qc3 23. fxe6 fxe6 24. Rxb7 Re8 25. Rdb1 Qc6 26. R1b6 Qxe4 27.
Qxe4 Nxe4+ 28. Kf4 Nf6 29. Kf3 Nd5 30. Rb3 Rc3 31. Rxc3 Nxc3 32. Bd2 Nd5 33.
Ra7 Rf8+ 34. Kg3 Bf6 35. Rxa6 Bxd4 1/2-1/2

[Event "Veletrzni turnaj 2020"]
[Site "Brno"]
[Date "2020.08.29"]
[Round "8.30"]
[White "Pelikan, Jaromir"]
[Black "Tokabayev, Alibek"]
[Result "0-1"]
[WhiteElo "1788"]
[BlackElo "1896"]
[PlyCount "76"]
[EventDate "2020.08.23"]

1. d4 Nf6 2. Nf3 b6 3. g3 Bb7 4. Bg2 d6 5. O-O Nbd7 6. c4 e5 7. d5 Be7 8. Nc3
O-O 9. e4 a6 10. b3 c6 11. h3 b5 12. Be3 Rc8 13. Qd3 Nb6 14. Rfc1 h6 15. Rab1
a5 16. cxb5 cxd5 17. Bxb6 Qxb6 18. exd5 Rxc3 19. Qxc3 Nxd5 20. Qd3 Nb4 21. Qe2
e4 22. Ne1 Bg5 23. Rd1 f5 24. a3 Nd5 25. h4 Bf6 26. Rbc1 f4 27. Bxe4 Bd4 28. g4
f3 29. Nxf3 Nf4 30. Qc4+ d5 31. Bh7+ Kxh7 32. Qc2+ Kh8 33. Nxd4 Nh3+ 34. Kh1
Nxf2+ 35. Kg2 Nxd1 36. Rxd1 Rf4 37. Kh3 Rxd4 38. Qf2 Rd3+ 0-1

[Event "Veletrzni turnaj 2020"]
[Site "Brno"]
[Date "2020.08.30"]
[Round "9.1"]
[White "Tajovsky, Matej"]
[Black "Vyskocil, Neklan"]
[Result "0-1"]
[WhiteElo "1816"]
[BlackElo "2294"]
[PlyCount "66"]
[EventDate "2020.08.23"]

1. e4 c5 2. Nf3 e6 3. d4 cxd4 4. Nxd4 a6 5. Nc3 Qc7 6. Bd3 Nc6 7. Nf3 Nf6 8.
Qe2 d6 9. O-O Be7 10. h3 b5 11. Bf4 Nd7 12. Nd1 Bb7 13. Ne3 O-O 14. Rac1 Nce5
15. c4 Nxd3 16. Qxd3 Nc5 17. cxb5 Qb6 18. Qc3 axb5 19. e5 b4 20. Qc2 Be4 21.
Qd1 d5 22. Ra1 Nd3 23. Bg3 Nxb2 24. Qb3 Na4 25. Nd2 Nc5 26. Qd1 Bd3 27. Re1 Ra3
28. Nb1 Ra5 29. Nd2 Rfa8 30. Nb3 Nxb3 31. Qxb3 Ra3 32. Qb2 Bc5 33. Nc2 Bxc2 0-1

[Event "Veletrzni turnaj 2020"]
[Site "Brno"]
[Date "2020.08.30"]
[Round "9.2"]
[White "Meszaros, Ludek"]
[Black "Dvoracek, Jan Matyas"]
[Result "1/2-1/2"]
[WhiteElo "2067"]
[BlackElo "1761"]
[PlyCount "52"]
[EventDate "2020.08.23"]

1. e4 c5 2. Nf3 Nc6 3. Bb5 g6 4. O-O Bg7 5. Re1 e6 6. c3 Nge7 7. d4 cxd4 8.
cxd4 d5 9. e5 O-O 10. Nc3 a6 11. Bd3 h6 12. Bf4 Kh7 13. Qd2 Nf5 14. Ne2 Bd7 15.
Bxf5 exf5 16. h4 Be6 17. Nc1 Ra7 18. Nb3 b6 19. Rac1 Qd7 20. Re3 Rc8 21. Rec3
Bf8 22. a3 Raa8 23. Qd3 Qb7 24. h5 g5 25. Bd2 Kh8 26. Nh2 f4 1/2-1/2

[Event "Veletrzni turnaj 2020"]
[Site "Brno"]
[Date "2020.08.30"]
[Round "9.3"]
[White "Pokorny, Petr"]
[Black "Glozar, Petr"]
[Result "1/2-1/2"]
[WhiteElo "2215"]
[BlackElo "2010"]
[PlyCount "55"]
[EventDate "2020.08.23"]

1. d4 Nf6 2. Nf3 d5 3. c4 e6 4. g3 Be7 5. Bg2 O-O 6. O-O dxc4 7. Qc2 a6 8. a4
Nbd7 9. Qxc4 b5 10. Qb3 Bb7 11. axb5 Bd5 12. Qc3 axb5 13. Rxa8 Bxa8 14. Qa5 c6
15. Bd2 Ne4 16. Qxd8 Rxd8 17. Ba5 Rc8 18. b4 Nd6 19. Nbd2 Nb7 20. Nb3 Nxa5 21.
bxa5 c5 22. dxc5 Nxc5 23. Rc1 Bb7 24. Nfd4 Nxb3 25. Rxc8+ Bxc8 26. Nxb3 Ba6 27.
e3 b4 28. Bf1 1/2-1/2

[Event "Veletrzni turnaj 2020"]
[Site "Brno"]
[Date "2020.08.30"]
[Round "9.4"]
[White "Barak, David"]
[Black "Marsa, Alexandr"]
[Result "1-0"]
[WhiteElo "2098"]
[BlackElo "1871"]
[PlyCount "107"]
[EventDate "2020.08.23"]

1. d4 d5 2. c4 e6 3. Nc3 c6 4. e3 Nf6 5. Nf3 Nbd7 6. Qc2 b6 7. cxd5 exd5 8. Bd3
Bb7 9. O-O Be7 10. b3 Rc8 11. Bb2 c5 12. Rac1 O-O 13. Rfd1 Qc7 14. Qb1 Qb8 15.
h3 Rfd8 16. Bf5 g6 17. Bd3 Qa8 18. Qa1 Ne4 19. dxc5 Nxc3 20. Bxc3 bxc5 21. Be2
Nf8 22. Bb2 Ne6 23. Rd2 Bf8 24. Rcd1 Bg7 25. Bf6 Rf8 26. Bxg7 Nxg7 27. Qf6 Nh5
28. Qh4 f6 29. Nh2 d4 30. Bxh5 gxh5 31. exd4 Bxg2 32. d5 Bxd5 33. Rxd5 Kh8 34.
Kf1 Rce8 35. Nf3 Qc8 36. Rxh5 Re7 37. Rhd5 Qe6 38. R5d2 Rg8 39. Re1 Qa6+ 40.
Qc4 Rxe1+ 41. Nxe1 Qc8 42. Qd3 Qc6 43. Qf3 Qa6+ 44. Re2 Re8 45. Nd3 Rxe2 46.
Qxe2 Qc6 47. Qe3 c4 48. bxc4 Qxc4 49. a3 Qa6 50. Qe8+ Kg7 51. Qe7+ Kg6 52. Ke2
h5 53. Qe4+ Kg7 54. a4 1-0

[Event "Veletrzni turnaj 2020"]
[Site "Brno"]
[Date "2020.08.30"]
[Round "9.5"]
[White "Stehlik, Jiri"]
[Black "Simbera, Jiri"]
[Result "1/2-1/2"]
[WhiteElo "1945"]
[BlackElo "2038"]
[PlyCount "36"]
[EventDate "2020.08.23"]

1. d4 e6 2. Nf3 f5 3. g3 Nf6 4. Bg2 d5 5. O-O Bd6 6. c4 c6 7. b3 Qe7 8. a4 a5
9. Ba3 Nbd7 10. Bxd6 Qxd6 11. Nbd2 b6 12. Qc1 Bb7 13. Qa3 Ke7 14. Qxd6+ Kxd6
15. Rfc1 Rac8 16. Rc2 c5 17. Rac1 h6 18. e3 g5 1/2-1/2

[Event "Veletrzni turnaj 2020"]
[Site "Brno"]
[Date "2020.08.30"]
[Round "9.6"]
[White "Pokladnik, Martin"]
[Black "Rehurek, Karel"]
[Result "1-0"]
[WhiteElo "2001"]
[BlackElo "1755"]
[PlyCount "36"]
[EventDate "2020.08.23"]

1. e4 e5 2. Nf3 Nc6 3. Bb5 Nd4 4. Nxd4 exd4 5. O-O c6 6. Bc4 Nf6 7. Re1 d6 8.
c3 dxc3 9. Qb3 Qd7 10. Nxc3 d5 11. Bd3 d4 12. Ne2 c5 13. Nf4 Qc7 14. Bb5+ Kd8
15. d3 Bd6 16. g3 Rf8 17. Bc4 Qe7 18. Bd2 Nd7 1-0

[Event "Veletrzni turnaj 2020"]
[Site "Brno"]
[Date "2020.08.30"]
[Round "9.7"]
[White "Mares, Jaroslav"]
[Black "Zeman, Arnost"]
[Result "1-0"]
[WhiteElo "1947"]
[BlackElo "1842"]
[PlyCount "97"]
[EventDate "2020.08.23"]

1. c4 Nf6 2. Nc3 d5 3. cxd5 Nxd5 4. g3 Nxc3 5. bxc3 c6 6. Bg2 e5 7. d3 Bc5 8.
e4 Qb6 9. Qc2 O-O 10. Nf3 Qc7 11. O-O Bg4 12. h3 Be6 13. Kh2 Be7 14. Bb2 c5 15.
a4 Nc6 16. Ba3 Na5 17. Rab1 Rac8 18. Bc1 f6 19. Ng1 Rfd8 20. Ne2 Qd7 21. Rd1
Bb3 22. Rxb3 Qxa4 23. Rb2 Qxc2 24. Rxc2 c4 25. d4 Nb3 26. Be3 a5 27. Ra2 b5 28.
d5 a4 29. f4 Bd6 30. h4 Ra8 31. Bh3 Kf7 32. Rf1 h6 33. g4 exf4 34. Bxf4 Ke7 35.
g5 hxg5 36. hxg5 Bc5 37. gxf6+ gxf6 38. Ng3 Rh8 39. d6+ Kf7 40. e5 Rxh3+ 41.
Kxh3 fxe5 42. Bxe5+ Ke6 43. Re2 Kd5 44. Rd1+ Kc6 45. Ne4 Bb6 46. d7 a3 47. Bf6
Bd8 48. Bxd8 Rxd8 49. Ra2 1-0

[Event "Veletrzni turnaj 2020"]
[Site "Brno"]
[Date "2020.08.30"]
[Round "9.9"]
[White "Hradek, Matyas"]
[Black "Pribyl, Rene"]
[Result "1/2-1/2"]
[WhiteElo "1578"]
[BlackElo "1950"]
[PlyCount "32"]
[EventDate "2020.08.23"]

1. e4 e5 2. Nf3 Nc6 3. Nc3 Nf6 4. d4 exd4 5. Nxd4 d6 6. Bb5 Bd7 7. O-O Be7 8.
Re1 Nxd4 9. Bxd7+ Qxd7 10. Qxd4 O-O 11. Bg5 Qg4 12. Be3 a6 13. f3 Qe6 14. Rad1
Rfe8 15. Nd5 Nxd5 16. Qxd5 Qxd5 1/2-1/2

[Event "Veletrzni turnaj 2020"]
[Site "Brno"]
[Date "2020.08.30"]
[Round "9.10"]
[White "Wunsch, Radek"]
[Black "Haupt, Jaromir"]
[Result "1/2-1/2"]
[WhiteElo "1902"]
[BlackElo "1719"]
[PlyCount "64"]
[EventDate "2020.08.23"]

1. e4 d6 2. d4 Nf6 3. Nc3 g6 4. f4 Bg7 5. Nf3 c5 6. d5 Nfd7 7. Bd3 Na6 8. O-O
O-O 9. Ne2 Nb4 10. c4 Nxd3 11. Qxd3 Qc7 12. Rb1 Rb8 13. a4 a6 14. Nc3 Nf6 15.
b3 Bd7 16. Bb2 b5 17. axb5 axb5 18. Qe2 bxc4 19. bxc4 Rb3 20. Qc2 Rb6 21. Ba1
Rfb8 22. Rxb6 Rxb6 23. Rb1 Qb8 24. Rxb6 Qxb6 25. Qa2 Qb7 26. e5 dxe5 27. Nxe5
e6 28. Nxd7 Qxd7 29. dxe6 Qxe6 30. Qe2 Qxe2 31. Nxe2 Ne4 32. Bxg7 Kxg7 1/2-1/2

[Event "Veletrzni turnaj 2020"]
[Site "Brno"]
[Date "2020.08.30"]
[Round "9.12"]
[White "Vavrinkova, Anna"]
[Black "Nekvasil, Radek"]
[Result "*"]
[WhiteElo "1657"]
[BlackElo "1735"]
[PlyCount "108"]
[EventDate "2020.08.23"]

1. e4 b6 2. d4 Bb7 3. Bd3 c5 4. c3 e6 5. Ne2 Be7 6. Be3 Nf6 7. f3 d6 8. O-O
Nbd7 9. Nd2 O-O 10. Rc1 a6 11. a4 Bc6 12. b4 b5 13. a5 Rc8 14. Bf2 h6 15. Bb1
Nh7 16. Ng3 cxb4 17. cxb4 d5 18. Qb3 dxe4 19. fxe4 Ne5 20. Nh5 Ng6 21. e5 Qd5
22. Qg3 Ng5 23. Be3 Kh8 24. Bxg6 fxg6 25. Nf4 Rxf4 26. Bxf4 Bxb4 27. h4 Bxd2
28. Bxd2 Ne4 29. Qe3 Nxd2 30. Qxd2 b4 31. Rc5 Qb3 32. Qc1 Qa4 33. Rc4 Qb5 34.
Rf2 b3 35. Rb2 Qd5 36. Rc3 Qxd4+ 37. Qe3 Qxh4 38. Rcxb3 Kh7 39. Rb6 Bb5 40.
Rxe6 Rd8 41. Rd6 Rf8 42. Rb1 Qc4 43. e6 Re8 44. e7 Qc7 45. Re6 Qd7 46. Re1 Qd5
47. Re5 Qd6 48. Qg3 Rxe7 49. Qe3 Rf7 50. Re6 Qf8 51. Kh2 Rf5 52. Qc3 Rh5+ 53.
Kg1 Rc5 54. Qg3 Rg5 *

[Event "Veletrzni turnaj 2020"]
[Site "Brno"]
[Date "2020.08.30"]
[Round "9.13"]
[White "Snorek, Milan"]
[Black "Marcik, Filip"]
[Result "1-0"]
[WhiteElo "1963"]
[BlackElo "1264"]
[PlyCount "91"]
[EventDate "2020.08.23"]

1. d4 d5 2. Nf3 Nf6 3. c4 e6 4. g3 Nbd7 5. Bg2 c6 6. O-O Be7 7. Qc2 Ne4 8. Nfd2
(8. Nc3 Nxc3 9. Qxc3 Nf6 10. c5 {0,73}) 8... Nxd2 9. Nxd2 {0,60} O-O 10. e4 (
10. h3) 10... dxe4 11. Nxe4 e5 12. d5 cxd5 13. cxd5 Nb6 14. Rd1 (14. d6 Bxd6
15. Nxd6 Qxd6 16. Be3 Qf6 17. f4) 14... Bf5 15. Nf6+ Bxf6 16. Qxf5 Qd6 17. b3
g6 18. Ba3 Qxa3 19. Qxf6 Nd7 20. Qh4 Qd6 21. Rac1 Rac8 22. Rxc8 (22. Qa4 {0,00}
) 22... Rxc8 23. Qa4 {-0,18} (23. Qg5 Rc2 24. Qd8+ Kg7 25. b4 a6 26. a3 {0,01})
23... a6 24. b4 (24. g4) 24... b5 25. Qb3 Nb6 26. h4 h5 27. a3 (27. Qe3) 27...
f5 28. Qe3 Kg7 29. f4 (29. Bh3 e4 30. Qg5 {-0,46}) 29... e4 30. Qd4+ Kf7 {-1,33
} 31. Bf1 Nd7 32. a4 bxa4 33. Be2 Qb6 34. Qxb6 Nxb6 35. Bxa6 Rc3 36. d6 Nd7 (
36... Ke8 {-2,32}) 37. Bb5 Ke6 38. Bxa4 Rxg3+ 39. Kh2 Rd3 40. Rxd3 exd3 41. Kg3
Kxd6 42. Bxd7 Kxd7 43. Kf2 Kc6 44. Ke3 d2 45. Kxd2 Kb5 46. Kc3 1-0

[Event "Veletrzni turnaj 2020"]
[Site "Brno"]
[Date "2020.08.30"]
[Round "9.14"]
[White "Lazniewski, Tadeusz"]
[Black "Zuziak, Petr"]
[Result "1/2-1/2"]
[WhiteElo "1392"]
[BlackElo "1861"]
[PlyCount "96"]
[EventDate "2020.08.23"]

1. e4 e5 2. Nf3 Nc6 3. Nc3 d6 4. d4 exd4 5. Nxd4 Nf6 6. Bc4 Be7 7. O-O O-O 8.
Re1 Bd7 9. Bf4 Re8 10. Qd2 Ne5 11. Bxe5 dxe5 12. Nf3 Bb4 13. a3 Ba5 14. b4 Bb6
15. Nd5 Nxd5 16. Bxd5 c6 17. Bb3 Bg4 18. Qxd8 Raxd8 19. Rad1 Bd4 20. Rd3 Bb2
21. Red1 Rxd3 22. Rxd3 h6 23. h3 Bc8 24. Nd2 b5 25. a4 Kf8 26. Rd6 Bc3 27. Nf3
Bxb4 28. Rxc6 bxa4 29. Bxa4 Bd7 30. Ra6 Bxa4 31. Rxa4 a5 32. Kf1 f6 33. Ke2 Rc8
34. Ra2 Rc4 35. Nd2 Rd4 36. Nb3 Rxe4+ 37. Kd3 Re1 38. Nxa5 Bxa5 39. Rxa5 Rg1
40. g3 Rd1+ 41. Ke2 Rd4 42. Rc5 Ra4 43. Ke3 Kf7 44. Rc6 h5 45. h4 f5 46. Rc7+
Kg6 47. Rc6+ Kf7 48. Rc7+ Kg6 1/2-1/2

[Event "Veletrzni turnaj 2020"]
[Site "Brno"]
[Date "2020.08.30"]
[Round "9.15"]
[White "Mencik, Pavel"]
[Black "Neduchal, Jiri"]
[Result "1/2-1/2"]
[WhiteElo "1853"]
[BlackElo "1749"]
[PlyCount "54"]
[EventDate "2020.08.23"]

1. e4 c6 2. d4 d5 3. Nc3 dxe4 4. Nxe4 Bf5 5. Ng3 Bg6 6. Nf3 Nd7 7. Bd3 Bxd3 8.
Qxd3 e6 9. Bf4 Qa5+ 10. c3 Ngf6 11. O-O Be7 12. Rfe1 Nd5 13. Bd2 Qc7 14. c4
N5f6 15. Re2 O-O 16. Rae1 Rad8 17. Nf5 Rfe8 18. Nxe7+ Rxe7 19. Qa3 Ree8 20. g3
c5 21. d5 exd5 22. Rxe8+ Rxe8 23. Rxe8+ Nxe8 24. Qxa7 d4 25. Qa4 Nef6 26. Bf4
Qc8 27. Qc2 h6 1/2-1/2

[Event "Veletrzni turnaj 2020"]
[Site "Brno"]
[Date "2020.08.30"]
[Round "9.16"]
[White "Kucera, David"]
[Black "Pelikan, Jaromir"]
[Result "0-1"]
[WhiteElo "1388"]
[BlackElo "1788"]
[PlyCount "76"]
[EventDate "2020.08.23"]

1. d4 Nf6 2. c4 g6 3. Nc3 d5 4. cxd5 Nxd5 5. e4 Nxc3 6. bxc3 Bg7 7. Bc4 c5 8.
Ne2 O-O 9. O-O Nc6 10. Be3 Na5 11. Bd3 c4 12. Bc2 b6 13. f4 e6 14. f5 exf5 15.
exf5 Qe7 16. Bd2 Bb7 17. Ng3 Nc6 18. a4 Rad8 19. Qg4 Nxd4 20. Rae1 Qc5 21. Be3
Qc6 22. Be4 gxf5 23. Bxc6 fxg4 24. Bxb7 Nc2 25. Re2 Rfe8 26. Rxc2 Rxe3 27. Ba6
Rd7 28. Bxc4 Bxc3 29. Be2 Bd4 30. Rc8+ Re8+ 31. Kh1 Rxc8 32. Bxg4 Rdc7 33. Bxc8
Rxc8 34. Nf5 Rc4 35. Nxd4 Rxd4 36. Ra1 Rd5 37. Kg1 Rf5 38. g3 Ra5 0-1

[Event "Veletrzni turnaj 2020"]
[Site "Brno"]
[Date "2020.08.30"]
[Round "9.18"]
[White "Daniel, Antonin"]
[Black "Prokop, Jiri"]
[Result "0-1"]
[WhiteElo "1379"]
[BlackElo "1680"]
[PlyCount "86"]
[EventDate "2020.08.23"]

1. e4 d6 2. Nc3 Nf6 3. h3 e5 4. d3 c6 5. Bg5 Be7 6. Nf3 O-O 7. Be2 a6 8. a3 b5
9. O-O Nbd7 10. Be3 c5 11. Nh2 Nb6 12. Ng4 Nxg4 13. Bxg4 Bg5 14. f4 exf4 15.
Bxf4 Bf6 16. Bxc8 Rxc8 17. Qd2 Bd4+ 18. Be3 Be5 19. Bf4 Bd4+ 20. Be3 Be5 21.
Bf4 f6 22. Bxe5 dxe5 23. b3 c4 24. Ne2 cxd3 25. cxd3 Rf7 26. Rac1 Rfc7 27. Rxc7
Rxc7 28. Kh1 Qc8 29. Qe3 Nd7 30. Ng3 Nc5 31. d4 exd4 32. Qxd4 Ne6 33. Qd5 Rc5
34. Qd6 Rc6 35. Qd5 Rc5 36. Qd6 Rc6 37. Qe7 h5 38. Nf5 Rc1 39. Rxc1 Qxc1+ 40.
Kh2 Qf4+ 41. Kh1 Qc1+ 42. Kh2 Qc7+ 43. Nd6 Qxe7 0-1

[Event "Veletrzni turnaj 2020"]
[Site "Brno"]
[Date "2020.08.30"]
[Round "9.19"]
[White "Lazniewska, Zofia"]
[Black "Zikan, Karel"]
[Result "1/2-1/2"]
[WhiteElo "1217"]
[BlackElo "1646"]
[PlyCount "109"]
[EventDate "2020.08.23"]

1. e4 c6 2. d4 d5 3. Nc3 dxe4 4. Nxe4 Bf5 5. Ng3 Bg6 6. h4 h6 7. Nf3 Nd7 8. h5
Bh7 9. Bd3 Bxd3 10. Qxd3 Qc7 11. Bd2 Ngf6 12. Ne4 Nxe4 13. Qxe4 e6 14. O-O-O
Nf6 15. Qe2 Bd6 16. Kb1 O-O-O 17. g3 Kb8 18. Ne5 c5 19. Nf3 Ka8 20. Be3 Rc8 21.
dxc5 Bxc5 22. Bxc5 Qxc5 23. Ne5 Rc7 24. Nd3 Qc6 25. Nf4 Rhc8 26. Rc1 Qe4 27.
Rhe1 Qf5 28. Rh1 Qe4 29. Rhe1 Qa4 30. Red1 a6 31. Rd3 Qb5 32. Re3 Qxe2 33. Rxe2
Rc5 34. Rh1 b5 35. f3 a5 36. Rd2 b4 37. g4 Rc4 38. Nd3 Rd4 39. Rhd1 Rcd8 40.
Kc1 Ka7 41. Ne5 Rxd2 42. Rxd2 Rf8 43. Nc6+ Kb6 44. Rd8 Nh7 45. Rxf8 Nxf8 46.
Ne5 f6 47. Nc4+ Ka6 48. Nd6 e5 49. Nf5 Ne6 50. c3 Kb5 51. cxb4 Kxb4 52. Kc2 Kc4
53. Ne3+ Kc5 54. Nf5 Kc4 55. Ne3+ 1/2-1/2

[Event "Veletrzni turnaj 2020"]
[Site "Brno"]
[Date "2020.08.30"]
[Round "9.22"]
[White "Soucek, Andrej"]
[Black "Divis, Jan"]
[Result "0-1"]
[WhiteElo "1098"]
[BlackElo "1431"]
[PlyCount "21"]
[EventDate "2020.08.23"]

1. e4 d5 2. exd5 Qxd5 3. Nc3 Qa5 4. d4 Nf6 5. Bd3 c6 6. Bd2 Qb6 7. Nge2 Bg4 8.
f3 Bh5 9. Na4 Qc7 10. O-O e6 11. Bf4 0-1

[Event "Veletrzni turnaj 2020"]
[Site "Brno"]
[Date "2020.08.30"]
[Round "9.23"]
[White "Lukas, Ondrej"]
[Black "Karafiat, Vojtech"]
[Result "1/2-1/2"]
[WhiteElo "1393"]
[BlackElo "1179"]
[PlyCount "36"]
[EventDate "2020.08.23"]

1. d4 d5 2. c4 e6 3. Nc3 Nf6 4. cxd5 exd5 5. Bg5 Be7 6. e3 Bf5 7. Bxf6 Bxf6 8.
Qb3 Nc6 9. Qxd5 Qxd5 10. Nxd5 O-O-O 11. Nxf6 gxf6 12. a3 Rhe8 13. O-O-O Rd6 14.
Bd3 Bxd3 15. Rxd3 Rg8 16. g3 Ne5 17. Rd2 Rc6+ 18. Kb1 Rd8 1/2-1/2

[Event "Veletrzni turnaj 2020"]
[Site "Brno"]
[Date "2020.08.30"]
[Round "9.26"]
[White "Vojtek, Pavel"]
[Black "Nisztuk, Michal"]
[Result "1-0"]
[WhiteElo "1352"]
[BlackElo "1597"]
[PlyCount "87"]
[EventDate "2020.08.23"]

1. e4 e5 2. Nf3 Nc6 3. Bb5 Nf6 4. O-O Nxe4 5. Bxc6 dxc6 6. Re1 Nd6 7. Nxe5 Be7
8. Qe2 Be6 9. d4 O-O 10. Nxf7 Rxf7 11. Qxe6 Bf6 12. c3 Qf8 13. Qb3 Re8 14. Rxe8
Qxe8 15. Kf1 Kh8 16. Nd2 Qd7 17. Qc2 Qg4 18. Nf3 Nf5 19. h3 Qg6 20. Qd1 Nh4 21.
Nxh4 Bxh4 22. Be3 Qe4 23. Qe2 h6 24. Re1 Qf5 25. Qg4 Qxg4 26. hxg4 Be7 27. Bf4
Bh4 28. g3 Kh7 29. Bxc7 Be7 30. Bf4 Bd8 31. Bd6 Kg6 32. Re8 Bf6 33. Kg2 Rd7 34.
Bf4 Rd5 35. Kf3 Ra5 36. a3 Rb5 37. b4 a5 38. Ke4 axb4 39. axb4 c5 40. bxc5 Rb2
41. f3 Re2+ 42. Be3 Rg2 43. d5 Bxc3 44. d6 1-0

[Event "Veletrzni turnaj 2020"]
[Site "Brno"]
[Date "2020.08.30"]
[Round "9.27"]
[White "Brychta, Jan"]
[Black "Ulcak, Michael"]
[Result "1-0"]
[WhiteElo "1490"]
[BlackElo "1552"]
[PlyCount "33"]
[EventDate "2020.08.23"]

1. Nf3 Nf6 2. g3 g6 3. Bg2 Bg7 4. c4 O-O 5. Nc3 c6 6. b3 d5 7. d4 a6 8. a4 Nbd7
9. O-O Re8 10. Ne5 Nxe5 11. dxe5 Nd7 12. f4 dxc4 13. Be3 Qa5 14. Ne4 Nb6 15. b4
Qxb4 16. Rb1 Qa3 17. Bxb6 1-0

[Event "Veletrzni turnaj 2020"]
[Site "Brno"]
[Date "2020.08.30"]
[Round "9.28"]
[White "Sauman, Petr"]
[Black "Zamarska, Dagmar"]
[Result "1/2-1/2"]
[WhiteElo "1387"]
[BlackElo "1524"]
[PlyCount "61"]
[EventDate "2020.08.23"]

1. d4 d5 2. c4 Bf5 3. Nc3 e6 4. Nf3 Nf6 5. Bg5 Be7 6. e3 O-O 7. cxd5 Nxd5 8.
Bxe7 Nxe7 9. Rc1 Nd7 10. Be2 Nf6 11. Nh4 Bg6 12. Nxg6 hxg6 13. O-O Ned5 14. Bf3
Nxc3 15. Rxc3 c6 16. Qc2 Nd5 17. Bxd5 exd5 18. Rc1 Re8 19. g3 Qf6 20. Qd1 Re6
21. a4 Qf5 22. b4 Rf6 23. f4 Re8 24. Qf1 Rfe6 25. Re1 a6 26. Qf3 Qh3 27. Rc2
Rf6 28. Qg2 Qd7 29. Rcc1 Qd6 30. Qd2 Qd7 31. a5 1/2-1/2

[Event "Veletrzni turnaj 2020"]
[Site "Brno"]
[Date "2020.08.30"]
[Round "9.30"]
[White "Tokabayev, Alibek"]
[Black "Sikora, Lukas"]
[Result "0-1"]
[WhiteElo "1896"]
[BlackElo "1946"]
[PlyCount "84"]
[EventDate "2020.08.23"]

1. d4 f5 2. Nf3 Nf6 3. c4 e6 4. g3 c6 5. Bg2 d5 6. O-O Bd6 7. b3 a5 8. Bb2 b6
9. Nbd2 a4 10. Rc1 a3 11. Ba1 Na6 12. Ne5 Bb7 13. Nd3 Nb4 14. c5 Nxd3 15. exd3
Bb8 16. Re1 Bc8 17. b4 O-O 18. Qb3 b5 19. Qd1 g5 20. Rc3 g4 21. Qc1 f4 22. Rxa3
Rxa3 23. Qxa3 Nh5 24. Qc1 fxg3 25. fxg3 Nxg3 26. Nf1 Nxf1 27. Rxf1 Qh4 28.
Rxf8+ Kxf8 29. Qf1+ Ke8 30. Qe2 Qxh2+ 31. Kf1 Qf4+ 32. Qf2 h5 33. Bc3 h4 34.
Bd2 Qxf2+ 35. Kxf2 e5 36. Bc3 h3 37. Bf1 e4 38. dxe4 g3+ 39. Kg1 Bf4 40. exd5
Bg4 41. Bg2 hxg2 42. dxc6 Bf3 0-1